Normal view
MARC view
Entry Personal Name
001 - CONTROL NUMBER
- control field: 83988
003 - CONTROL NUMBER IDENTIFIER
- control field: OSt
005 - DATE AND TIME OF LATEST TRANSACTION
- control field: 20260409151613.0
008 - FIXED-LENGTH DATA ELEMENTS
- fixed length control field: 260409|| aca||aabn | a|a d
040 ## - CATALOGING SOURCE
- Original cataloging agency: OSt
- Transcribing agency: OSt
100 ## - HEADING--PERSONAL NAME
- Personal name: अरोड़ा, पंकज , उषा शर्मा
670 ## - SOURCE DATA FOUND
- Source citation: Work cat.: (OSt)69006: अरोड़ा, पंकज , उषा शर्मा, शिक्षा नीति 2020 रचनात्मक सुधारों की ओर, 2023









